Geopolt̕ica de la iberidad

Detalles Bibliográficos
Autor principal: Barcia Lago, Modesto
Formato: Desconocido
Lenguaje:español
Publicado: Madrid : Dykinson, 2008
Acceso en línea:Acceso restringido

MARC

LEADER 00000ny a22000003n 4500
005 20110621181331.0
006 m u
007 cr cn|||||||||
008 200903r2008 sp |||||s|||||||||||spa d
020 |a 9788498493733 
035 |a 2740 
040 |a FlNmELB  |c FlNmELB  |d vlex 
080 |a 341.222(460+469) 
090 |c 1255  |d 1255 
100 1 |a Barcia Lago, Modesto 
245 1 0 |a Geopolt̕ica de la iberidad  |h [Recurso electrn̤ico]  |c Modesto Barcia Lago 
256 |a Servicio en ln̕ea 
260 |a Madrid :  |b Dykinson,  |c 2008 
506 1 |a Contenido solo disponible en los productos indicados  |d vLex Global  |d vLex Global (Academic Edition, excluding Law Schools)  |d vLex Global (U.S. Academic Edition, Law Schools)  |d vLex Global (U.S. Academic Edition, excluding Law Schools)  |d vLex Global (Academic Edition, Law Schools) 
740 0 |a vLex Libros (Servicios en ln̕ea) 
856 4 0 |u http://vlex.com/source/2740  |z Acceso restringido 
942 |c BOOK 
999 7 |a Espaą  |z Portugal. 
999 7 |a Geopolitics. 
999 7 |a International relations 
999 7 |a Portugal  |z Espaą.